ბათუმის შოთა რუსთაველის სახელმწიფო უნივერსიტეტის ბიბლიოთეკა

მეც შევარდენი ვიქნები: ლექსები. / გრიგოლ აბაშიძე (ბიბ.ჩანაწერი № 39326)

000 -LEADER
fixed length control field 00614nam a2200193Ia 4500
001 - CONTROL NUMBER
control field 5912
003 - CONTROL NUMBER IDENTIFIER
control field GE_BSU
008 - FIXED-LENGTH DATA ELEMENTS--GENERAL INFORMATION
fixed length control field 181216s||||||||xx |||||||||||||| ||und||
040 ## - CATALOGING SOURCE
Transcribing agency GE_BSU
080 ## - UNIVERSAL DECIMAL CLASSIFICATION NUMBER
Universal Decimal Classification number 821.353.1-1
100 ## - MAIN ENTRY--PERSONAL NAME
Personal name აბაშიძე, გრიგოლ
245 ## - TITLE STATEMENT
Title მეც შევარდენი ვიქნები: ლექსები. / გრიგოლ აბაშიძე
245 ## - TITLE STATEMENT
Statement of responsibility, etc. რედ. ნ. არჯევანიძე
260 ## - PUBLICATION, DISTRIBUTION, ETC.
Place of publication, distribution, etc. თბილისი
260 ## - PUBLICATION, DISTRIBUTION, ETC.
Name of publisher, distributor, etc. ნაკადული
260 ## - PUBLICATION, DISTRIBUTION, ETC.
Date of publication, distribution, etc. 1964
300 ## - PHYSICAL DESCRIPTION
Extent 95გვ; 16სმ.
942 ## - ADDED ENTRY ELEMENTS (KOHA)
Koha item type წიგნი

არაა ხელმისაწვდომი ეგზემპლარები.